List of Cities in Vietnam - Statistics

General Stats
  • This quiz has been taken 93 times
  • The average score is 51 of 84
Answer Stats
Type City status Province City % Correct
Municipality S Ho Chi Minh City
94%
Municipality S Hanoi
93%
Municipality 1 Da Nang
92%
Municipality 1 Haiphong
83%
Provincial city 1 Thua Thien Hue Hue
83%
Provincial city 1 Nghe An Vinh
82%
Provincial city 1 Ba Ria–Vung Tau Vung Tau
82%
Provincial city 2 Ba Ria–Vung Tau Ba Ria
80%
Provincial city 2 Ben Tre Ben Tre
79%
Municipality 1 Can Tho
79%
Provincial city 1 Lam Dong Da Lat
79%
Provincial city 1 Khanh Hoa Nha Trang
79%
Provincial city 2 Ca Mau Ca Mau
77%
Provincial city 3 Cao Bang Cao Bang
75%
Provincial city 2 Lao Cai Lao Cai
73%
Provincial city 1 Dong Nai Bien Hoa
72%
Provincial city 1 Quang Ninh Ha Long
72%
Provincial city 2 Bac Lieu Bac Lieu
70%
Provincial city 3 Hung Yen Hung Yen
70%
Provincial city 1 Nam Dinh Nam Dinh
70%
Provincial city 1 Thai Nguyen Thai Nguyen
70%
Provincial city 2 Bac Giang Bac Giang
69%
Provincial city 1 Bac Ninh Bac Ninh
69%
Provincial city 3 Ha Giang Ha Giang
69%
Provincial city 2 Soc Trang Soc Trang
69%
Provincial city 3 Tay Ninh Tay Ninh
69%
Provincial city 1 Thanh Hoa Thanh Hoa
69%
Provincial city 3 Bac Kan Bac Kan
68%
Provincial city 3 Kon Tum Kon Tum
68%
Provincial city 3 Lai Chau Lai Chau
68%
Provincial city 2 Ninh Binh Ninh Binh
68%
Provincial city 2 Quang Ngai Quang Ngai
68%
Provincial city 1 Hai Duong Hai Duong
66%
Provincial city 3 Hoa Binh Hoa Binh
66%
Provincial city 3 Quang Nam Hoi An
66%
Provincial city 2 Lang Son Lang Son
66%
Provincial city 2 Tuyen Quang Tuyen Quang
66%
Provincial city 2 Ha Tinh Ha Tinh
65%
Provincial city 2 Kien Giang Phu Quoc
65%
Provincial city 2 Kien Giang Rach Gia
65%
Provincial city 2 Thai Binh Thai Binh
65%
Municipal city 1 Ho Chi Minh City Thu Duc
65%
Provincial city 2 Tra Vinh Tra Vinh
65%
Provincial city 2 Vinh Long Vinh Long
65%
Provincial city 3 Yen Bai Yen Bai
65%
Provincial city 3 Dien Bien Dien Bien Phu
62%
Provincial city 1 An Giang Long Xuyen
61%
Provincial city 1 Gia Lai Pleiku
61%
Provincial city 2 Son La Son La
61%
Provincial city 1 Binh Duong Thu Dau Mot
61%
Provincial city 2 An Giang Chau Doc
58%
Provincial city 2 Binh Thuan Phan Thiet
58%
Provincial city 1 Dak Lak Buon Ma Thuot
56%
Provincial city 1 Binh Dinh Quy Nhon
56%
Provincial city 3 Binh Duong Di An
54%
Provincial city 2 Quang Binh Dong Hoi
52%
Provincial city 3 Kien Giang Ha Tien
52%
Provincial city 1 Phu Tho Viet Tri
52%
Provincial city 2 Ninh Thuan Phan Rang – Thap Cham
51%
Provincial city 3 Dak Nong Gia Nghia
49%
Provincial city 1 Tien Giang My Tho
49%
Provincial city 2 Phu Yen Tuy Hoa
49%
Provincial city 3 Lam Dong Bao Loc
48%
Provincial city 2 Quang Ninh Mong Cai
48%
Provincial city 2 Quang Nam Tam Ky
46%
Provincial city 3 Khanh Hoa Cam Ranh
45%
Provincial city 2 Dong Thap Sa Dec
45%
Provincial city 3 Binh Duong Thuan An
45%
Provincial city 2 Quang Ninh Cam Pha
44%
Provincial city 2 Dong Thap Cao Lanh
42%
Provincial city 3 Binh Phuoc Dong Xoai
42%
Provincial city 2 Quang Ninh Uong Bi
42%
Provincial city 2 Hau Giang Vi Thanh
42%
Provincial city 3 Quang Tri Dong Ha
41%
Provincial city 2 Long An Tan An
41%
Provincial city 3 Dong Nai Long Khanh
39%
Provincial city 3 Hau Giang Nga Bay
39%
Provincial city 2 Ha Nam Phu Ly
39%
Provincial city 2 Thanh Hoa Sam Son
38%
Provincial city 2 Vinh Phuc Vinh Yen
32%
Provincial city 3 Hai Duong Chi Linh
31%
Provincial city 3 Vinh Phuc Phuc Yen
30%
Provincial city 3 Ninh Binh Tam Diep
28%
Provincial city 3 Thai Nguyen Song Cong
27%
No matching quizzes found
Score Distribution
Percent of People with Each Score
Percentile by Number Answered
Your Score History
You have not taken this quiz